Statistics for Roman Numerals

Click here to take the quiz!

General Stats

  • This quiz has been taken 2,426 times
  • The average score is 21 of 23

Answer Stats

HintAnswer% Correct
I1
100%
IV4
100%
XIV14
99%
XX20
99%
XXXVIII38
99%
L50
97%
C100
96%
LVI56
96%
XL40
95%
LXXII72
95%
XC90
94%
CLXIV164
93%
CCCXXVII327
92%
D500
92%
DCII602
91%
M1000
90%
DCCCXXXIII833
89%
CM900
88%
MCCIV1204
87%
MMX2010
80%
MCMLXXVIII1978
75%
MMXVI2016
75%
MMMDCCV3705
67%

Score Distribution

Percentile by Number Answered

Percent of People with Each Score

Your Score History

You have not taken this quiz